Fr. Conceicao Rodrigues College of Engineering

Dewey decimal classification and relative index (Record no. 32356)

MARC details
000 -LEADER
fixed length control field 00387nam a2200157Ia 4500
082 ## - DEWEY DECIMAL CLASSIFICATION NUMBER
Classification number 25.431
Item number PAN
100 ## - MAIN ENTRY--PERSONAL NAME
Personal name Dewey/Melvil
245 ## - TITLE STATEMENT
Title Dewey decimal classification and relative index
260 ## - PUBLICATION, DISTRIBUTION, ETC.
Name of publisher, distributor, etc. Forest press
Place of publication, distribution, etc. New York
Date of publication, distribution, etc. 1989
300 ## - PHYSICAL DESCRIPTION
Extent 961
490 ## - SERIES STATEMENT
Volume/sequential designation 01-Mar
546 ## - LANGUAGE NOTE
Language note ENGLISH
650 ## - SUBJECT ADDED ENTRY--TOPICAL TERM
Topical term or geographic name entry element Libray and information Science
654 ## - SUBJECT ADDED ENTRY--FACETED TOPICAL TERMS
Focus term classification
942 ## - ADDED ENTRY ELEMENTS (KOHA)
Koha item type BOOK
Holdings
Withdrawn status Lost status Damaged status Not for loan Collection Home library Current library Shelving location Date acquired Source of acquisition Cost, normal purchase price Total Checkouts Full call number Barcode Date last seen Cost, replacement price Price effective from Koha item type
        CRC Fr. Agnel's C.Rodrigues College of Engineering Fr. Agnel's C.Rodrigues College of Engineering   17/03/2023 sita books 3112.00   25.431 PAN 5808 17/03/2023 3112.00 17/03/2023 BOOK
        CRC Fr. Agnel's C.Rodrigues College of Engineering Fr. Agnel's C.Rodrigues College of Engineering   17/03/2023 sita books 3112.00   25.431 PAN 5809 17/03/2023 3112.00 17/03/2023 BOOK
        CRC Fr. Agnel's C.Rodrigues College of Engineering Fr. Agnel's C.Rodrigues College of Engineering   17/03/2023 sita books 3112.00   25.431 PAN 5810 17/03/2023 3112.00 17/03/2023 BOOK
        CRC Fr. Agnel's C.Rodrigues College of Engineering Fr. Agnel's C.Rodrigues College of Engineering   17/03/2023 sita books 3112.00   25.431 PAN 5811 17/03/2023 3112.00 17/03/2023 BOOK